[Event "Messina op-A 1st"]
[Site "Messina"]
[Date "2011.09.01"]
[Round "7"]
[White "Ferrigno, Vincenzo"]
[Black "Panarello, Giuseppe"]
[Result "0-1"]
[WhiteElo "1789"]
[BlackElo "1990"]
[PlyCount "52"]
[EventDate "2011.08.28"]
[EventType "swiss"]
[EventRounds "9"]
[EventCountry "ITA"]
[SourceTitle "CBM 144 Extra"]
[Source "ChessBase"]
[SourceDate "2011.10.28"]
[SourceVersion "1"]
[SourceVersionDate "2011.10.28"]
[SourceQuality "1"]

1. e4 c5 2. Nf3 d6 3. d4 cxd4 4. Nxd4 Nf6 5. Nc3 a6 6. Be2 e6 7. 0-0 Be7 8. f4 0-0 9. Kh1 Qc7 10. f5 e5 11. Nf3 b5 12. Bg5 Nbd7 13. Bd3 Bb7 14. Bxf6 Nxf6 15. Qe2 Qb6 16. Ng5 h6 17. Nh3 Rfe8 18. Rf3 b4 19. Na4 Qc6 20. b3 Nxe4 21. Raf1 Nf6 22. Rg3 e4 23. Qe3 exd3 24. Qxh6 Qxg2+ 25. Rxg2 Bxg2+ 26. Kxg2 gxh6 0-1

[Event "Messina op-A 1st"]
[Site "Messina"]
[Date "2011.09.01"]
[Round "6"]
[White "Panarello, Giuseppe"]
[Black "Arito, Luigi"]
[Result "0-1"]
[WhiteElo "1990"]
[BlackElo "1883"]
[PlyCount "74"]
[EventDate "2011.08.28"]
[EventType "swiss"]
[EventRounds "9"]
[EventCountry "ITA"]
[SourceTitle "CBM 144 Extra"]
[Source "ChessBase"]
[SourceDate "2011.10.28"]
[SourceVersion "1"]
[SourceVersionDate "2011.10.28"]
[SourceQuality "1"]

1. Nf3 Nf6 2. c4 d6 3. d4 c5 4. d5 b5 5. cxb5 a6 6. bxa6 Bxa6 7. Nc3 g6 8. e4 Bxf1 9. Kxf1 Bg7 10. g3 0-0 11. Kg2 Qc7 12. h3 Na6 13. Re1 Nd7 14. Nb5 Qb6 15. a4 Rfb8 16. Nd2 Ne5 17. f4 Nd3 18. Re3 Nab4 19. Nc3 Qa6 20. Rb1 Bd4 21. Rf3 Nc2 22. Kh2 Nde1 23. Rf1 Bxc3 24. Rxe1 Nxe1 25. Qxe1 Bxd2 26. Bxd2 Qxa4 27. Bc3 Qc2+ 28. Kg1 Ra3 29. Rc1 Rxc3 30. bxc3 Qd3 31. Rd1 Qf3 32. Rd2 Qxc3 33. Qf2 Qc1+ 34. Kg2 Rb1 35. Kf3 h5 36. Qg2 Rb3+ 37. Ke2 Qxd2+ 0-1

[Event "Messina op-A 1st"]
[Site "Messina"]
[Date "2011.08.30"]
[Round "3"]
[White "Panarello, Giuseppe"]
[Black "Schiappoli, Dario"]
[Result "1/2-1/2"]
[WhiteElo "1990"]
[BlackElo "1929"]
[PlyCount "126"]
[EventDate "2011.08.28"]
[EventType "swiss"]
[EventRounds "9"]
[EventCountry "ITA"]
[SourceTitle "CBM 144 Extra"]
[Source "ChessBase"]
[SourceDate "2011.10.28"]
[SourceVersion "1"]
[SourceVersionDate "2011.10.28"]
[SourceQuality "1"]

1. d4 Nf6 2. Nf3 c5 3. e3 b6 4. Nbd2 Bb7 5. Bd3 g6 6. b3 Bg7 7. Bb2 0-0 8. 0-0 cxd4 9. exd4 Nc6 10. a3 Nd5 11. Re1 Nf4 12. Bf1 Ne6 13. Nc4 d5 14. Nce5 Nxe5 15. Nxe5 Ng5 16. f3 f6 17. Ng4 Qc7 18. Bc1 Nf7 19. Be3 e5 20. Qc1 f5 21. Nf2 exd4 22. Bf4 Qd7 23. Nd3 Rfe8 24. Qd2 Rac8 25. Rxe8+ Rxe8 26. Re1 Re7 27. Qb4 Rxe1 28. Qxe1 g5 29. Bg3 f4 30. Bf2 Kf8 31. a4 Bc6 32. Qb4+ Qd6 33. Bxd4 Qxb4 34. Bxg7+ Kxg7 35. Nxb4 Bb7 36. Bd3 Nd6 37. Kf2 h6 38. c3 Kf6 39. Nc2 Nf5 40. Bxf5 Kxf5 41. Nd4+ Ke5 42. Nb5 Ba6 43. Nxa7 Kd6 44. Nb5+ Bxb5 45. axb5 Kc5 46. Ke2 Kxb5 47. Kd3 Kc5 48. b4+ Kc6 49. Kd4 Kd6 50. c4 dxc4 51. Kxc4 Ke6 52. h4 b5+ 53. Kd4 Kd6 54. h5 Ke6 55. Kc5 Ke5 56. Kxb5 Kd4 57. Kc6 Ke3 58. Kd5 Kf2 59. Ke4 Kxg2 60. b5 g4 61. b6 gxf3 62. b7 f2 63. b8Q f1Q 1/2-1/2

[Event "Messina op-A 1st"]
[Site "Messina"]
[Date "2011.08.29"]
[Round "2"]
[White "Drasko, Milan"]
[Black "Panarello, Giuseppe"]
[Result "1-0"]
[WhiteElo "2469"]
[BlackElo "1990"]
[PlyCount "103"]
[EventDate "2011.08.28"]
[EventType "swiss"]
[EventRounds "9"]
[EventCountry "ITA"]
[SourceTitle "CBM 144 Extra"]
[Source "ChessBase"]
[SourceDate "2011.10.28"]
[SourceVersion "1"]
[SourceVersionDate "2011.10.28"]
[SourceQuality "1"]

1. Nf3 Nf6 2. g3 g6 3. Bg2 Bg7 4. 0-0 0-0 5. d4 d6 6. c4 c5 7. d5 Na6 8. Nc3 Nc7 9. a4 b6 10. e4 a6 11. Re1 Ng4 12. Qe2 Rb8 13. h3 Ne5 14. Nd2 f6 15. f4 Nf7 16. Nf3 Bd7 17. Bd2 Qc8 18. Kh2 b5 19. b3 bxa4 20. bxa4 Qb7 21. a5 Qa7 22. Nd1 Rb3 23. Bc3 e5 24. Nd2 Rb7 25. Rf1 Qb8 26. Nf2 Qd8 27. Rab1 Qb8 28. Rxb7 Qxb7 29. Nd3 Rb8 30. Qd1 Qc8 31. Qc2 Rb7 32. Ra1 Qe8 33. Re1 Ba4 34. Qa2 Bd7 35. Bf3 Nh6 36. Rb1 Qb8 37. Rxb7 Qxb7 38. Bd1 Kf7 39. Ba4 Ke7 40. Bxd7 Kxd7 41. Nb3 Bf8 42. fxe5 fxe5 43. Bxe5 Kd8 44. Bf6+ Kc8 45. Qa4 Ng8 46. Bc3 Nb5 47. cxb5 axb5 48. a6 Qb8 49. Qa5 c4 50. a7 Qa8 51. Nd4 cxd3 52. Nxb5 1-0

[Event "Ischia op 3rd"]
[Site "Ischia "]
[Date "2011.08.03"]
[Round "9"]
[White "Melnikova, Yana"]
[Black "Panarello, Giuseppe"]
[Result "1-0"]
[WhiteElo "2236"]
[BlackElo "1990"]
[PlyCount "57"]
[EventDate "2011.07.26"]
[EventType "swiss"]
[EventRounds "9"]
[EventCountry "ITA"]
[SourceTitle "EXT 2014"]
[Source "ChessBase"]
[SourceDate "2013.11.20"]
[SourceVersion "1"]
[SourceVersionDate "2013.11.20"]
[SourceQuality "1"]

1. e4 d6 2. d4 g6 3. Nc3 Bg7 4. Be3 Nf6 5. f3 0-0 6. Qd2 b6 7. Bh6 c5 8. d5 a6 9. h4 b5 10. h5 b4 11. Nce2 a5 12. hxg6 fxg6 13. Bxg7 Kxg7 14. Qh6+ Kf7 15. Nh3 Bxh3 16. Rxh3 Na6 17. Nf4 Nc7 18. g4 Rh8 19. g5 Ng8 20. Qh4 h5 21. gxh6 e5 22. dxe6+ Nxe6 23. Bc4 Qxh4+ 24. Rxh4 g5 25. Bxe6+ Kf6 26. Bd5 gxh4 27. Bxa8 Nxh6 28. Bd5 Rf8 29. Ke2 1-0

[Event "Ischia op 3rd"]
[Site "Ischia "]
[Date "2011.08.02"]
[Round "8"]
[White "Panarello, Giuseppe"]
[Black "Dazj, Andrea"]
[Result "1-0"]
[WhiteElo "1990"]
[BlackElo "1875"]
[PlyCount "93"]
[EventDate "2011.07.26"]
[EventType "swiss"]
[EventRounds "9"]
[EventCountry "ITA"]
[SourceTitle "EXT 2014"]
[Source "ChessBase"]
[SourceDate "2013.11.20"]
[SourceVersion "1"]
[SourceVersionDate "2013.11.20"]
[SourceQuality "1"]

1. d4 Nf6 2. Nf3 g6 3. c4 Bg7 4. Nc3 d6 5. e4 0-0 6. Be2 Nbd7 7. 0-0 e5 8. d5 Nc5 9. Qc2 a5 10. Ne1 Nfd7 11. f3 f5 12. b3 f4 13. Bd2 Qf6 14. Nd3 g5 15. g4 Qg6 16. Nf2 Nf6 17. a3 Na6 18. Nb5 b6 19. Kg2 Bd7 20. Rh1 Kf7 21. b4 axb4 22. axb4 Rh8 23. Qb3 h5 24. h3 hxg4 25. hxg4 Rxh1 26. Rxh1 Bxb5 27. cxb5 Nb8 28. Qc3 Ne8 29. Ra1 Rxa1 30. Qxa1 Qh6 31. Qa8 Nd7 32. Qc8 Ke7 33. Nd3 Qf6 34. Be1 Qf7 35. Bf2 Bf6 36. Nc1 Kf8 37. Nb3 Qe7 38. Qa8 Qd8 39. Qa1 Qe7 40. Na5 Qd8 41. Nc6 Qc8 42. Qa6 Qb8 43. Nxb8 Nxb8 44. Qc8 Ke7 45. Qxb8 Kd7 46. Qb7 Bd8 47. Bxb6 1-0

[Event "Ischia op 3rd"]
[Site "Ischia "]
[Date "2011.07.31"]
[Round "6"]
[White "Todorov, Todor"]
[Black "Panarello, Giuseppe"]
[Result "1-0"]
[WhiteElo "2497"]
[BlackElo "1990"]
[PlyCount "73"]
[EventDate "2011.07.26"]
[EventType "swiss"]
[EventRounds "9"]
[EventCountry "ITA"]
[SourceTitle "EXT 2014"]
[Source "ChessBase"]
[SourceDate "2013.11.20"]
[SourceVersion "1"]
[SourceVersionDate "2013.11.20"]
[SourceQuality "1"]

1. e4 c5 2. Nf3 d6 3. Bb5+ Bd7 4. Bxd7+ Qxd7 5. 0-0 Nc6 6. c3 g6 7. d4 cxd4 8. cxd4 Bg7 9. Nc3 Nf6 10. Bg5 h6 11. Bf4 0-0 12. Re1 Nh5 13. Be3 Na5 14. b3 Kh7 15. Rc1 Rac8 16. Qd3 b6 17. d5 Nb7 18. b4 Nf6 19. h3 Ra8 20. Nb5 Ne8 21. Rc6 a6 22. Nbd4 b5 23. Rec1 Nd8 24. R6c2 Qb7 25. Nc6 Nxc6 26. dxc6 Qc7 27. a4 bxa4 28. Ra2 a3 29. Qxa3 Nf6 30. Qd3 Rfb8 31. Rxa6 Rxa6 32. Qxa6 Rxb4 33. Bd2 Rb8 34. Ba5 Qc8 35. c7 Nd7 36. Qc6 Nc5 37. cxb8Q 1-0

[Event "Ischia op 3rd"]
[Site "Ischia "]
[Date "2011.07.26"]
[Round "1"]
[White "Panarello, Giuseppe"]
[Black "Mirzoev, Azer"]
[Result "0-1"]
[WhiteElo "1990"]
[BlackElo "2415"]
[PlyCount "140"]
[EventDate "2011.07.26"]
[EventType "swiss"]
[EventRounds "9"]
[EventCountry "ITA"]
[SourceTitle "EXT 2014"]
[Source "ChessBase"]
[SourceDate "2013.11.20"]
[SourceVersion "1"]
[SourceVersionDate "2013.11.20"]
[SourceQuality "1"]

1. d4 Nf6 2. Nf3 e6 3. Bf4 c5 4. e3 Qb6 5. Qc1 Nc6 6. c3 Nh5 7. Bg3 Nxg3 8. hxg3 d5 9. Bd3 g6 10. Nbd2 Bg7 11. Rb1 0-0 12. Qd1 Bd7 13. Ng5 h6 14. Ngf3 Rfe8 15. Kf1 Rad8 16. Qb3 Qc7 17. dxc5 e5 18. e4 Be6 19. Qa3 dxe4 20. Bxe4 f5 21. Bxc6 Qxc6 22. b4 Rd3 23. Qb2 Red8 24. Kg1 e4 25. Nd4 Bxd4 26. cxd4 R8xd4 27. Nf1 h5 28. Ne3 Rd2 29. Qc3 Qc7 30. Nf1 R2d3 31. Qc1 Bxa2 32. Ra1 Bf7 33. Qg5 Qd8 34. Qxd8+ Rxd8 35. Rxa7 Rb8 36. Ne3 Rb3 37. Kh2 Rxb4 38. Rd1 Rc8 39. Rd7 Rxc5 40. Rdxb7 Rxb7 41. Rxb7 Rc6 42. Kh3 Kg7 43. Rb1 Kf6 44. Kh2 Be6 45. Kg1 Ra6 46. Kf1 g5 47. Ke1 f4 48. gxf4 gxf4 49. Nf1 h4 50. Nd2 Bd5 51. Rb8 Ra1+ 52. Ke2 Ra2 53. Rh8 Bc4+ 54. Kd1 Bd3 55. Kc1 e3 56. fxe3 fxe3 57. Nf3 Be4 58. Rxh4 Bxf3 59. Rf4+ Kg5 60. Rxf3 e2 61. Re3 Kf4 62. Re8 Kg3 63. Rg8+ Kf2 64. Rf8+ Kxg2 65. Rg8+ Kf2 66. Rf8+ Ke1 67. Rh8 Ra7 68. Rh1+ Kf2 69. Rh2+ Kf1 70. Rh1+ Kg2 0-1

[Event "St Eufemia d'Aspromonte op 4th"]
[Site "St Eufemia d'Aspromonte"]
[Date "2011.01.03"]
[Round "4"]
[White "Panarello, Giuseppe"]
[Black "Pinton, Maurizio"]
[Result "1/2-1/2"]
[WhiteElo "1971"]
[BlackElo "2029"]
[PlyCount "39"]
[EventDate "2011.01.02"]
[EventType "swiss"]
[EventRounds "9"]
[EventCountry "ITA"]
[SourceTitle "CBM 140 Extra"]
[Source "ChessBase"]
[SourceDate "2011.03.01"]
[SourceVersion "1"]
[SourceVersionDate "2011.03.01"]
[SourceQuality "1"]

1. e4 Nc6 2. Nc3 e6 3. Bc4 a6 4. a3 Bc5 5. d3 b5 6. Ba2 Bb7 7. Nf3 Nge7 8. 0-0 0-0 9. d4 Bb6 10. Be3 Na5 11. Qe2 f5 12. Bg5 fxe4 13. Nxe4 Qe8 14. Bxe7 Qxe7 15. c3 Rf4 16. Nfd2 Raf8 17. f3 Kh8 18. b4 Nc6 19. Kh1 Rh4 20. Qe3 1/2-1/2

[Event "St Eufemia d'Aspromonte op 4th"]
[Site "St Eufemia d'Aspromonte"]
[Date "2011.01.02"]
[Round "1"]
[White "Drasko, Milan"]
[Black "Panarello, Giuseppe"]
[Result "1-0"]
[WhiteElo "2486"]
[BlackElo "1971"]
[PlyCount "55"]
[EventDate "2011.01.02"]
[EventType "swiss"]
[EventRounds "9"]
[EventCountry "ITA"]
[SourceTitle "CBM 140 Extra"]
[Source "ChessBase"]
[SourceDate "2011.03.01"]
[SourceVersion "1"]
[SourceVersionDate "2011.03.01"]
[SourceQuality "1"]

1. Nf3 Nf6 2. g3 g6 3. Bg2 Bg7 4. 0-0 0-0 5. d4 d6 6. c4 a5 7. Nc3 Na6 8. e4 c5 9. h3 cxd4 10. Nxd4 Nc5 11. Be3 Nfd7 12. b3 Ne5 13. Qd2 Bd7 14. Rab1 Nc6 15. Ndb5 Ne6 16. Nd5 Ra6 17. Rfd1 Nb8 18. Bh6 Bc6 19. Bxg7 Kxg7 20. Qc3+ Kg8 21. e5 Bxd5 22. Bxd5 Qd7 23. exd6 exd6 24. Rb2 Ng5 25. h4 Ne6 26. Rbd2 Rd8 27. Qf6 Nc6 28. Bg2 1-0

[Event "Arco op 32nd"]
[Site "Arco"]
[Date "2010.10.20"]
[Round "5"]
[White "Ziltener, Werner"]
[Black "Panarello, Giuseppe"]
[Result "0-1"]
[WhiteElo "2116"]
[BlackElo "1925"]
[PlyCount "134"]
[EventDate "2010.10.16"]
[EventType "swiss"]
[EventRounds "9"]
[EventCountry "ITA"]
[SourceTitle "EXT 2024"]
[Source "ChessBase"]
[SourceDate "2023.10.10"]
[SourceVersion "1"]
[SourceVersionDate "2023.10.10"]
[SourceQuality "1"]

1. d4 Nf6 2. Nf3 e6 3. g3 b6 4. Bg2 Bb7 5. 0-0 d6 6. c4 Nbd7 7. Nc3 Be7 8. Qc2 c5 9. d5 exd5 10. Nh4 0-0 11. Nf5 Re8 12. Nxe7+ Qxe7 13. Bg5 h6 14. Bxd5 Bxd5 15. Nxd5 Qxe2 16. Qxe2 Rxe2 17. Bxf6 Nxf6 18. Nxf6+ gxf6 19. b3 Rae8 20. Rfd1 R8e6 21. Kf1 Rc2 22. Rdc1 Ree2 23. Rxc2 Rxc2 24. Rd1 Rxa2 25. Rxd6 Kg7 26. Rd7 f5 27. h4 Kg6 28. Rd6+ f6 29. Rd7 f4 30. Kg2 fxg3 31. Kxg3 h5 32. Rd8 Rb2 33. Rd3 a5 34. f3 a4 35. bxa4 Rb4 36. Ra3 Rxc4 37. a5 bxa5 38. Rxa5 Rc1 39. Ra8 c4 40. Rc8 c3 41. Rc5 c2 42. Kf4 Rh1 43. Rxc2 Rxh4+ 44. Kg3 Ra4 45. Rc5 h4+ 46. Kh3 f5 47. Rc8 Kg5 48. Rh8 Rb4 49. Rh7 Rb1 50. Kg2 Rb2+ 51. Kh3 Kf4 52. Rxh4+ Kxf3 53. Ra4 Re2 54. Ra3+ Re3 55. Ra2 Re2 56. Ra3+ Kf2 57. Ra5 f4 58. Kg4 f3 59. Ra3 Re4+ 60. Kh3 Re3 61. Ra2+ Kf1 62. Ra1+ Re1 63. Ra3 f2 64. Kh2 Ke2 65. Ra2+ Ke3 66. Ra3+ Ke4 67. Ra4+ Kd5 0-1

[Event "Arco op 32nd"]
[Site "Arco"]
[Date "2010.10.18"]
[Round "3"]
[White "Panarello, Giuseppe"]
[Black "Klings, Peter"]
[Result "1-0"]
[WhiteElo "1925"]
[BlackElo "2185"]
[PlyCount "95"]
[EventDate "2010.10.16"]
[EventType "swiss"]
[EventRounds "9"]
[EventCountry "ITA"]
[SourceTitle "EXT 2024"]
[Source "ChessBase"]
[SourceDate "2023.10.10"]
[SourceVersion "1"]
[SourceVersionDate "2023.10.10"]
[SourceQuality "1"]

1. Nf3 Nf6 2. g3 g6 3. Bg2 Bg7 4. 0-0 0-0 5. d3 d6 6. e4 c5 7. Nbd2 Nc6 8. c3 Rb8 9. a4 b6 10. Re1 Ba6 11. Nf1 Ne5 12. c4 Nc6 13. Bd2 Nd7 14. Bc3 Nde5 15. Ne3 e6 16. Rf1 Nxf3+ 17. Bxf3 Bb7 18. Bg2 a6 19. Bxg7 Kxg7 20. Qd2 f5 21. f4 Qf6 22. Rae1 Nb4 23. e5 dxe5 24. fxe5 Qd8 25. Rd1 Qd4 26. Rf4 Qxe5 27. d4 cxd4 28. Rxd4 Qc5 29. Rd7+ Rf7 30. Qc3+ e5 31. Rxf7+ Kxf7 32. Rd7+ Ke6 33. Rxb7 Rxb7 34. Bxb7 f4 35. gxf4 exf4 36. Bd5+ Kd7 37. Qg7+ Qe7 38. Qxe7+ Kxe7 39. Ng4 Nxd5 40. cxd5 Kd6 41. Kf2 h5 42. Nf6 Ke5 43. Nd7+ Kxd5 44. Nxb6+ Kc5 45. Nd7+ Kb4 46. h4 Kxa4 47. Nc5+ Kb5 48. Nxa6 1-0

[Event "Arco op 32nd"]
[Site "Arco"]
[Date "2010.10.17"]
[Round "2"]
[White "Savarese, Vincenzo"]
[Black "Panarello, Giuseppe"]
[Result "0-1"]
[WhiteElo "1808"]
[BlackElo "1925"]
[PlyCount "48"]
[EventDate "2010.10.16"]
[EventType "swiss"]
[EventRounds "9"]
[EventCountry "ITA"]
[SourceTitle "EXT 2024"]
[Source "ChessBase"]
[SourceDate "2023.10.10"]
[SourceVersion "1"]
[SourceVersionDate "2023.10.10"]
[SourceQuality "1"]

1. e4 c5 2. c3 d5 3. exd5 Qxd5 4. d4 Nc6 5. Nf3 cxd4 6. cxd4 Bg4 7. Be2 e6 8. Nc3 Qa5 9. 0-0 Nf6 10. h3 Bh5 11. Bf4 Rd8 12. Rc1 Bd6 13. Bxd6 Rxd6 14. Qb3 Rd7 15. Rfd1 0-0 16. Rd3 Rfd8 17. d5 exd5 18. Rcd1 Bg6 19. R3d2 d4 20. Nb5 Ne4 21. Nbxd4 Nxd2 22. Rxd2 Nxd4 23. Rxd4 Rxd4 24. Nxd4 Rxd4 0-1